Stati per produzione di Bentonite - Statistics

Statistiche generali
  • Questo quiz è stato fatto 6 volte
  • Il punteggio medio è 13 su 15
Statistiche sulle risposte
Produzione di bentonite (tonnellate/anno) Continente Nazione % Corretto
256 165 America del Sud Argentina
100%
419 214 America del Sud Brasile
100%
3 200 000 Asia Cina
100%
363 998 Europa Germania
100%
1 100 000 Europa Grecia
100%
1 081 000 Asia India
100%
186 323 Asia Iran
100%
470 000 Europa Italia
100%
435 273 America del Nord Messico
100%
500 000 Asia / Europa Russia
100%
160 000 Europa Spagna
100%
4 620 000 America del Nord Stati Uniti
100%
600 000 Asia / Europa Turchia
100%
220 000 Europa Repubblica Ceca
40%
150 620 Asia Cipro
0%
Nessun quiz corrispondente trovato
Distribuzione punteggi
Percentuale di utenti per punteggio
Percentile per numero di risposta
I tuoi punteggi nel tempo
Non hai fatto questo quiz